Statistics for Random Quadratic Equations (Slower version)

Click here to take the quiz!

General Stats

  • This quiz has been taken 112 times
  • The average score is 13 of 15

Answer Stats

EquationSolutions% Correct
x² + 20x + 100-10 and -10
100%
x² - 20x + 10010 and 10
100%
x² - 100-10 and 10
100%
x² + 21x + 110-10 and -11
100%
x² - x - 110-10 and 11
100%
x² - 2x - 120-10 and 12
100%
x² - 3x - 130-10 and 13
100%
x² - 23x + 13010 and 13
100%
x² + 24x + 140-10 and -14
100%
x² - 22x + 12111 and 11
100%
x² - x - 132-11 and 12
100%
x² - 24x + 14311 and 13
100%
x² + 26x + 165-11 and -15
100%
x² + 24x + 144-12 and -12
100%
x² - 25x + 15612 and 13
100%
x² + 26x + 168-12 and -14
100%
x² - 3x - 180-12 and 15
100%
x² - 26x + 16913 and 13
100%
x² - 169-13 and 13
100%
x² + 26x + 169-13 and -13
100%
x² - x - 182-13 and 14
100%
x² - 27x + 18213 and 14
100%
x² - 2x - 195-13 and 15
100%
x² - 28x + 19513 and 15
100%
x² - 196-14 and 14
100%
x² + 28x + 196-14 and -14
100%
x² - 29x + 21014 and 15
100%
x² + 29x + 210-14 and -15
100%
x² - 225-15 and 15
100%
x² + 30x + 225-15 and -15
100%
x² - 1-1 and 1
100%
x² + 2x + 1-1 and -1
100%
x² - 2x + 11 and 1
100%
x² + 11x + 10-1 and -10
100%
x² - 11x + 101 and 10
100%
x² + 12x + 11-1 and -11
100%
x² - 12x + 111 and 11
100%
x² - 13x + 121 and 12
100%
x² - 11x - 12-1 and 12
100%
x² + 13x + 12-1 and -12
100%
x² - 12x - 13-1 and 13
100%
x² - 14x + 131 and 13
100%
x² + 14x + 13-1 and -13
100%
x² - 13x - 14-1 and 14
100%
x² - 14x - 15-1 and 15
100%
x² + 16x + 15-1 and -15
100%
x² - 16x + 151 and 15
100%
x² + 3x + 2-1 and -2
100%
x² - 3x + 21 and 2
100%
x² - 2x - 3-1 and 3
100%
x² + 4x + 3-1 and -3
100%
x² + 5x + 4-1 and -4
100%
x² + 6x + 5-1 and -5
100%
x² - 6x + 51 and 5
100%
x² - 5x - 6-1 and 6
100%
x² + 7x + 6-1 and -6
100%
x² - 7x + 61 and 6
100%
x² - 8x + 71 and 7
100%
x² + 8x + 7-1 and -7
100%
x² - 6x - 7-1 and 7
100%
x² - 9x + 81 and 8
100%
x² + 9x + 8-1 and -8
100%
x² - 8x - 9-1 and 9
100%
x² - 10x + 91 and 9
100%
x² + 10x + 9-1 and -9
100%
x² - 8x - 20-2 and 10
100%
x² - 12x + 202 and 10
100%
x² - 13x + 222 and 11
100%
x² - 9x - 22-2 and 11
100%
x² + 13x + 22-2 and -11
100%
x² + 14x + 24-2 and -12
100%
x² - 14x + 242 and 12
100%
x² - 15x + 262 and 13
100%
x² + 16x + 28-2 and -14
100%
x² - 16x + 282 and 14
100%
x² - 12x - 28-2 and 14
100%
x² + 17x + 30-2 and -15
100%
x² + 4x + 4-2 and -2
100%
x² - 4-2 and 2
100%
x² - 4x + 42 and 2
100%
x² + 5x + 6-2 and -3
100%
x² - x - 6-2 and 3
100%
x² + 6x + 8-2 and -4
100%
x² - 6x + 82 and 4
100%
x² + 7x + 10-2 and -5
100%
x² - 7x + 102 and 5
100%
x² - 5x - 14-2 and 7
100%
x² - 9x + 142 and 7
100%
x² + 9x + 14-2 and -7
100%
x² + 10x + 16-2 and -8
100%
x² - 10x + 162 and 8
100%
x² - 11x + 182 and 9
100%
x² - 7x - 18-2 and 9
100%
x² + 11x + 18-2 and -9
100%
x² + 13x + 30-3 and -10
100%
x² + 14x + 33-3 and -11
100%
x² - 8x - 33-3 and 11
100%
x² - 15x + 363 and 12
100%
x² + 15x + 36-3 and -12
100%
x² - 10x - 39-3 and 13
100%
x² + 18x + 45-3 and -15
100%
x² - 12x - 45-3 and 15
100%
x² + 6x + 9-3 and -3
100%
x² + 7x + 12-3 and -4
100%
x² + 8x + 15-3 and -5
100%
x² - 2x - 15-3 and 5
100%
x² - 3x - 18-3 and 6
100%
x² - 4x - 21-3 and 7
100%
x² - 10x + 213 and 7
100%
x² + 10x + 21-3 and -7
100%
x² + 11x + 24-3 and -8
100%
x² - 12x + 273 and 9
100%
x² + 14x + 40-4 and -10
100%
x² - 14x + 404 and 10
100%
x² - 15x + 444 and 11
100%
x² + 15x + 44-4 and -11
100%
x² - 16x + 484 and 12
100%
x² + 16x + 48-4 and -12
100%
x² - 9x - 52-4 and 13
100%
x² + 17x + 52-4 and -13
100%
x² + 18x + 56-4 and -14
100%
x² - 10x - 56-4 and 14
100%
x² - 18x + 564 and 14
100%
x² - 11x - 60-4 and 15
100%
x² + 19x + 60-4 and -15
100%
x² + 8x + 16-4 and -4
100%
x² - 16-4 and 4
100%
x² + 9x + 20-4 and -5
100%
x² - 9x + 204 and 5
100%
x² - x - 20-4 and 5
100%
x² + 10x + 24-4 and -6
100%
x² - 10x + 244 and 6
100%
x² + 11x + 28-4 and -7
100%
x² - 11x + 284 and 7
100%
x² - 3x - 28-4 and 7
100%
x² - 4x - 32-4 and 8
100%
x² - 5x - 36-4 and 9
100%
x² - 5x - 50-5 and 10
100%
x² + 15x + 50-5 and -10
100%
x² - 6x - 55-5 and 11
100%
x² + 18x + 65-5 and -13
100%
x² - 8x - 65-5 and 13
100%
x² - 18x + 655 and 13
100%
x² + 19x + 70-5 and -14
100%
x² - 9x - 70-5 and 14
100%
x² - 19x + 705 and 14
100%
x² - 10x - 75-5 and 15
100%
x² + 20x + 75-5 and -15
100%
x² - 20x + 755 and 15
100%
x² - 25-5 and 5
100%
x² - x - 30-5 and 6
100%
x² + 11x + 30-5 and -6
100%
x² - 11x + 305 and 6
100%
x² - 12x + 355 and 7
100%
x² + 12x + 35-5 and -7
100%
x² - 13x + 405 and 8
100%
x² - 3x - 40-5 and 8
100%
x² + 13x + 40-5 and -8
100%
x² + 14x + 45-5 and -9
100%
x² - 16x + 606 and 10
100%
x² + 16x + 60-6 and -10
100%
x² - 7x - 78-6 and 13
100%
x² - 19x + 786 and 13
100%
x² + 19x + 78-6 and -13
100%
x² - 20x + 846 and 14
100%
x² + 20x + 84-6 and -14
100%
x² + 21x + 90-6 and -15
100%
x² + 12x + 36-6 and -6
100%
x² - 36-6 and 6
100%
x² - 13x + 426 and 7
100%
x² - x - 42-6 and 7
100%
x² - 15x + 546 and 9
100%
x² + 17x + 70-7 and -10
100%
x² + 18x + 77-7 and -11
100%
x² - 18x + 777 and 11
100%
x² - 4x - 77-7 and 11
100%
x² - 5x - 84-7 and 12
100%
x² - 19x + 847 and 12
100%
x² + 19x + 84-7 and -12
100%
x² + 20x + 91-7 and -13
100%
x² - 20x + 917 and 13
100%
x² + 21x + 98-7 and -14
100%
x² - 7x - 98-7 and 14
100%
x² - 8x - 105-7 and 15
100%
x² + 22x + 105-7 and -15
100%
x² - 49-7 and 7
100%
x² - 14x + 497 and 7
100%
x² - 15x + 567 and 8
100%
x² - x - 56-7 and 8
100%
x² - 16x + 637 and 9
100%
x² + 18x + 80-8 and -10
100%
x² - 2x - 80-8 and 10
100%
x² - 19x + 888 and 11
100%
x² + 19x + 88-8 and -11
100%
x² - 20x + 968 and 12
100%
x² + 20x + 96-8 and -12
100%
x² - 4x - 96-8 and 12
100%
x² + 21x + 104-8 and -13
100%
x² - 6x - 112-8 and 14
100%
x² + 23x + 120-8 and -15
100%
x² - 16x + 648 and 8
100%
x² - 64-8 and 8
100%
x² - x - 72-8 and 9
100%
x² - 19x + 909 and 10
100%
x² - x - 90-9 and 10
100%
x² + 20x + 99-9 and -11
100%
x² - 2x - 99-9 and 11
100%
x² - 21x + 1089 and 12
100%
x² - 4x - 117-9 and 13
100%
x² + 23x + 126-9 and -14
100%
x² - 24x + 1359 and 15
100%
x² + 18x + 81-9 and -9
100%
x² - 81-9 and 9
100%
x² - 4x - 165-11 and 15
80%
x² - 5x - 24-3 and 8
80%
x² - x - 210-14 and 15
75%
x² + 17x + 60-5 and -12
75%
x² - 17x + 666 and 11
75%
x² + 18x + 72-6 and -12
75%
x² - 23x + 1269 and 14
75%
x² - 5x - 126-9 and 14
75%
x² - 121-11 and 11
67%
x² + 23x + 132-11 and -12
67%
x² + 27x + 182-13 and -14
67%
x² - 15x + 141 and 14
67%
x² - 4x + 31 and 3
67%
x² + 8x + 12-2 and -6
67%
x² - 14x + 333 and 11
67%
x² - 18x + 453 and 15
67%
x² - 6x - 40-4 and 10
67%
x² + 13x + 36-4 and -9
67%
x² - 8x - 84-6 and 14
67%
x² - 21x + 906 and 15
67%
x² - 14x + 486 and 8
67%
x² + 15x + 54-6 and -9
67%
x² - 6x - 91-7 and 13
67%
x² + 16x + 63-7 and -9
67%
x² - 18x + 808 and 10
67%
x² - 23x + 1208 and 15
67%
x² + 16x + 64-8 and -8
67%
x² + 17x + 72-8 and -9
67%
x² + 22x + 117-9 and -13
67%
x² + 25x + 156-12 and -13
60%
x² - 13x + 364 and 9
60%
x² - 21x + 11010 and 11
50%
x² - 22x + 12010 and 12
50%
x² + 25x + 150-10 and -15
50%
x² - 23x + 13211 and 12
50%
x² - 24x + 14412 and 12
50%
x² + 28x + 195-13 and -15
50%
x² + 12x + 20-2 and -10
50%
x² + 15x + 26-2 and -13
50%
x² - 17x + 302 and 15
50%
x² - 16x + 393 and 13
50%
x² - 8x + 153 and 5
50%
x² - 9x + 183 and 6
50%
x² - 8x + 164 and 4
50%
x² + 16x + 55-5 and -11
50%
x² - 5x - 66-6 and 11
50%
x² - 22x + 1057 and 15
50%
x² - 5x - 104-8 and 13
50%
x² - 17x + 728 and 9
50%
x² - 20x + 999 and 11
50%
x² - 25x + 15411 and 14
33%
x² + 27x + 180-12 and -15
33%
x² - 7x - 120-8 and 15
33%
x² + 22x + 120-10 and -12
0%
x² + 23x + 130-10 and -13
0%
x² - 24x + 14010 and 14
0%
x² - 4x - 140-10 and 14
0%
x² - 5x - 150-10 and 15
0%
x² - 25x + 15010 and 15
0%
x² + 22x + 121-11 and -11
0%
x² - 2x - 143-11 and 13
0%
x² + 24x + 143-11 and -13
0%
x² + 25x + 154-11 and -14
0%
x² - 3x - 154-11 and 14
0%
x² - 26x + 16511 and 15
0%
x² - 144-12 and 12
0%
x² - x - 156-12 and 13
0%
x² - 2x - 168-12 and 14
0%
x² - 26x + 16812 and 14
0%
x² - 27x + 18012 and 15
0%
x² - 28x + 19614 and 14
0%
x² - 30x + 22515 and 15
0%
x² - 9x - 10-1 and 10
0%
x² - 10x - 11-1 and 11
0%
x² + 15x + 14-1 and -14
0%
x² - x - 2-1 and 2
0%
x² - 5x + 41 and 4
0%
x² - 3x - 4-1 and 4
0%
x² - 4x - 5-1 and 5
0%
x² - 7x - 8-1 and 8
0%
x² - 10x - 24-2 and 12
0%
x² - 11x - 26-2 and 13
0%
x² - 13x - 30-2 and 15
0%
x² - 5x + 62 and 3
0%
x² - 2x - 8-2 and 4
0%
x² - 3x - 10-2 and 5
0%
x² - 4x - 12-2 and 6
0%
x² - 8x + 122 and 6
0%
x² - 6x - 16-2 and 8
0%
x² - 7x - 30-3 and 10
0%
x² - 13x + 303 and 10
0%
x² - 9x - 36-3 and 12
0%
x² + 16x + 39-3 and -13
0%
x² - 17x + 423 and 14
0%
x² - 11x - 42-3 and 14
0%
x² + 17x + 42-3 and -14
0%
x² - 6x + 93 and 3
0%
x² - 9-3 and 3
0%
x² - 7x + 123 and 4
0%
x² - x - 12-3 and 4
0%
x² + 9x + 18-3 and -6
0%
x² - 11x + 243 and 8
0%
x² - 6x - 27-3 and 9
0%
x² + 12x + 27-3 and -9
0%
x² - 7x - 44-4 and 11
0%
x² - 8x - 48-4 and 12
0%
x² - 17x + 524 and 13
0%
x² - 19x + 604 and 15
0%
x² - 2x - 24-4 and 6
0%
x² - 12x + 324 and 8
0%
x² + 12x + 32-4 and -8
0%
x² - 15x + 505 and 10
0%
x² - 16x + 555 and 11
0%
x² - 7x - 60-5 and 12
0%
x² - 17x + 605 and 12
0%
x² - 10x + 255 and 5
0%
x² + 10x + 25-5 and -5
0%
x² - 2x - 35-5 and 7
0%
x² - 4x - 45-5 and 9
0%
x² - 14x + 455 and 9
0%
x² - 4x - 60-6 and 10
0%
x² + 17x + 66-6 and -11
0%
x² - 18x + 726 and 12
0%
x² - 6x - 72-6 and 12
0%
x² - 9x - 90-6 and 15
0%
x² - 12x + 366 and 6
0%
x² + 13x + 42-6 and -7
0%
x² - 2x - 48-6 and 8
0%
x² + 14x + 48-6 and -8
0%
x² - 3x - 54-6 and 9
0%
x² - 17x + 707 and 10
0%
x² - 3x - 70-7 and 10
0%
x² - 21x + 987 and 14
0%
x² + 14x + 49-7 and -7
0%
x² + 15x + 56-7 and -8
0%
x² - 2x - 63-7 and 9
0%
x² - 3x - 88-8 and 11
0%
x² - 21x + 1048 and 13
0%
x² - 22x + 1128 and 14
0%
x² + 22x + 112-8 and -14
0%
x² + 19x + 90-9 and -10
0%
x² + 21x + 108-9 and -12
0%
x² - 3x - 108-9 and 12
0%
x² - 22x + 1179 and 13
0%
x² - 6x - 135-9 and 15
0%
x² + 24x + 135-9 and -15
0%
x² - 18x + 819 and 9
0%

Score Distribution

Percentile by Number Answered

Percent of People with Each Score

Your Score History

You have not taken this quiz